Pokémon - Les attaques de Polagriffe - Statistiques

Statistiques générales
  • Ce quiz a été pris 18 fois
  • Le résultat moyen est 12 sur 20
Statistiques - réponses
Niveaux Types Noms des attaques % Correct
Niveau 41 Glace Blizzard
91%
Évolution Glace Chute Glace
91%
Départ Glace Poudreuse
82%
Niveau 21 Normal Tranche
82%
Départ Fée Charme
73%
Niveau 46 Glace Glaciation
73%
Niveau 15 Eau Saumure
73%
Niveau 51 Combat Surpuissance
73%
Niveau 9 Glace Vent Glace
73%
Départ Eau Aqua-Jet
64%
Niveau 30 Glace Grêle
64%
Niveau 18 Glace Souffle Glacé
64%
Départ Normal Combo-Griffe
55%
Niveau 33 Normal Mania
55%
Départ Normal Rugissement
55%
Niveau 36 Psy Repos
36%
Départ Normal Ténacité
27%
Niveau 24 Normal Gigotage
18%
Niveau 27 Normal Vantardise
18%
Niveau 12 Normal Camaraderie
9%
Aucun quiz correspondant
Distribution des résultats
% des personnes avec chaque résultat
Percentile par nombre de réponses
Votre historique - résultats
Vous n’avez pas pris ce quiz